000 00364nam a2200169Ia 4500
003 0100
008 130303s9999 xx 000 0 und d
040 _cARRUPELIB
050 _aBV4210.M326
100 _aMary Laurence, Sister
245 _aOne nun to another
260 _aSt. Louis MO
260 _bHerder
260 _C1959
300 _a129p
942 0 0 _01
999 _c48092
_d48092